00890nam a2200229 a 450000100100000000500170001000800410002702000150006804000250008308200180010810000360012624501590016226000350032130000280035649000210038450400690040565000290047465000360050365300210053971000790056083000210063900000517620200929151611.0090730s2000 dr a r 000 0 spa d a9993482137 aDO-SdBNPbspacBNPHU a634.99bN325a1 aNavia Estrada, Jorge Fernándo10aAgroforestería :bactualización profesional en manejo de recursos naturales, agricultura sostenible y pobreza rural /cJorge Fernándo Navia Estrada. aSanto Domingo :bCEDAF,c2000. a159 P. :bil. ;c28 cm.1 aProyecto ÁGORA aIncluye referencias bibliográficas al final de los capítulos 4aProyectos agroforestales 4aProyecto de desarrollo agricola2 aAGROFORESTERÍA22aCentro para el Desarrollo Agropecuario y Forestal (República Dominicana) 0aProyecto ÁGORA